[Event "v4camp2016"]
[Site "?"]
[Date "2016.06.21"]
[Round "1.28"]
[White "Vavrinkova, Anna"]
[Black "Waszczuk, Patrycja"]
[Result "0-1"]
[BlackElo "1798"]
[WhiteElo "1333"]
[LiveChessVersion "1.4.8"]

1. e4 {[%clk 1:30:57]} c5 {[%clk 1:30:35]} 2. Nf3 {[%clk 1:31:09]} a6
{[%clk 1:30:41]} 3. d4 {[%clk 1:30:54]} cxd4 {[%clk 1:30:59]} 4. Nxd4
{[%clk 1:31:03]} Nf6 {[%clk 1:30:59]} 5. Nc3 {[%clk 1:30:05]} e5 {[%clk 1:29:34]}
6. Nf3 {[%clk 1:29:29]} Bb4 {[%clk 1:28:53]} 7. Bd3 {[%clk 1:25:19]} d5
{[%clk 1:29:01]} 8. Nxe5 {[%clk 1:17:52]} Qc7 {[%clk 1:27:07]} 9. f4
{[%clk 1:13:42]} dxe4 {[%clk 1:23:29]} 10. Bc4 {[%clk 1:12:37]} O-O
{[%clk 1:23:28]} 11. O-O {[%clk 1:12:13]} Bd6 {[%clk 1:20:37]} 12. Nd5
{[%clk 1:07:33]} Nxd5 {[%clk 1:20:43]} 13. Bxd5 {[%clk 1:06:30]} Kh8
{[%clk 1:12:27]} 14. Nxf7+ {[%clk 1:05:43]} Rxf7 {[%clk 1:12:50]} 15. Bxf7
{[%clk 1:06:07]} Bc5+ {[%clk 1:13:04]} 16. Kh1 {[%clk 1:05:53]} Qxf7
{[%clk 1:13:07]} 17. Qd8+ {[%clk 1:05:10]} Qf8 {[%clk 1:12:56]} 18. Qd5
{[%clk 1:05:18]} Nc6 {[%clk 1:12:32]} 19. Qxe4 {[%clk 1:05:10]} Bf5
{[%clk 1:12:17]} 20. Qc4 {[%clk 1:05:10]} Rd8 {[%clk 1:11:12]} 21. b3
{[%clk 1:04:10]} b5 {[%clk 1:08:38]} 22. Qe2 {[%clk 1:03:59]} Nd4
{[%clk 1:08:46]} 23. Qe5 {[%clk 1:02:58]} Nxc2 {[%clk 1:08:46]} 24. Rb1
{[%clk 1:03:20]} Bd4 {[%clk 1:09:01]} 25. Qe2 {[%clk 1:02:54]} Nb4
{[%clk 1:09:18]} 26. Ba3 {[%clk 1:01:16]} Bxb1 {[%clk 1:09:09]} 27. Rxb1
{[%clk 1:01:33]} Bc5 {[%clk 1:09:34]} 28. Re1 {[%clk 1:01:36]} h6
{[%clk 1:09:39]} 29. h3 {[%clk 1:01:56]} Nd3 {[%clk 1:09:50]} 30. Bxc5
{[%clk 1:01:39]} Qxc5 {[%clk 1:10:00]} 31. Rf1 {[%clk 1:01:45]} Qd4
{[%clk 1:09:42]} 32. f5 {[%clk 1:01:44]} Qe5 {[%clk 1:09:09]} 33. Qg4
{[%clk 1:00:56]} Nf2+ {[%clk 1:09:05]} 34. Rxf2 {[%clk 1:01:03]} Qe1+
{[%clk 1:09:31]} 0-1